000 01056nam a2200277 4500
003 EG-GICUC
005 20260408143901.0
008 260408s1973 be |||f |||| 00| 0 Fre d
040 _a EG-GICUC
_bfre
_c EG-GICUC
_d EG-GICUC
_erda
082 0 4 _a341.48
_bC E . V
_221
092 0 4 _221
099 _aLaw1 11 341.48 C E . V 1973
110 _kDu Centre Interuniversitaire De Droit Public
245 _aVie Privée Et Droits De L'Homme :
_bActes Du Troisiéme Colloque International Sur La Convention Européenne Des Droits De L'Homme (Bruxelles, 30 septembre - 3 octobre 1970 /
_cPar Du Centre Interuniversitaire De Droit Public.
264 _aBruxelles:
_bÉtablissements Émile Bruylant,
_c1973.
300 _a580 Pages;
_c24 Cm.
336 _2rda content
_atext
337 _2rda media
_aComputer
338 _2rda carrier
_aOnline Resource
546 _aTexte en français
650 1 4 _aDroit international Public
651 1 _2qrmak
856 4 0 _uhttps://fll.law.cu.edu.eg/fulltext/bks/B11-07965.pdf
905 _a64
942 _2ddc
_cBK
_e21
_n0
999 _c69747
_d69747